FIFA 17 Quiz [Ratings] Top 50 - Statistics

General Stats
  • This quiz has been taken 2,307 times
  • The average score is 29 of 50
Answer Stats
Club/Rating Player Name % Correct
Barcelona [93] Lionel Messi
100%
Real Madrid [94] Cristiano Ronaldo
99%
Barcelona [92] Neymar
98%
Barcelona [92] Luis Suárez
97%
Bayern Munich [92] Manuel Neuer
91%
Real Madrid [90] Gareth Bale
88%
Manchester United [90] Zlatan Ibrahimović
85%
Bayern Munich [90] Robert Lewandowski
83%
Manchester City [89] Sergio Agüero
83%
Real Madrid [89] Sergio Ramos
81%
Manchester United [90] David De Gea
80%
Real Madrid [89] Luka Modrić
79%
Manchester United [88] Paul Pogba
77%
Arsenal [89] Mesut Özil
74%
Real Madrid [88] Toni Kroos
74%
Bayern Munich [90] Jérôme Boateng
73%
Chelsea [88] Eden Hazard
72%
Atlético Madrid [88] Antoine Griezmann
69%
Borussia Dortmund [88] Marco Reus
66%
Chelsea [89] Thibaut Courtois
65%
Barcelona [88] Andres Iniesta
64%
Bayern Munich [87] Arjen Robben
60%
Arsenal [87] Alexis Sánchez
59%
Real Madrid [87] Karim Benzema
59%
Manchester City [88] Kevin De Bruyne
59%
Juventus [88] Gianluigi Buffon
57%
Bayern Munich [87] Thomas Müller
53%
Paris Saint-Germain [89] Thiago Silva
51%
Juventus [88] Giorgio Chiellini
50%
Juventus [88] Gonzalo Higuaín
50%
Atlético Madrid [88] Diego Godín
48%
Bayern Munich [87] Mats Hummels
48%
Bayern Munich [88] Philipp Lahm
48%
Real Madrid [86] Marcelo
47%
Tottenham Hotspurs [88] Hugo Lloris
45%
Paris Saint-Germain [87] Angel Di María
43%
Atlético Madrid [87] Jan Oblak
42%
Juventus [87] Leonardo Bonucci
42%
Arsenal [88] Petr Čech
41%
Real Madrid [88] Pepe
40%
West Ham [86] Dimitri Payet
39%
Borussia Dortmund [86] Pierre-Emerick Aubameyang
38%
Manchester City [87] David Silva
34%
Bayern Munich [87] David Alaba
33%
Barcelona [87] Sergio Busquets
33%
Barcelona [87] Ivan Rakitić
32%
Inter [87] Samir Handanovič
27%
Bayern Munich [87] Arturo Vidal
25%
Real Madrid [87] James Rodríguez
25%
Paris-Saint Germain [86] Blaise Matuidi
14%
No matching quizzes found
Score Distribution
Percent of People with Each Score
Percentile by Number Answered
Your Score History
You have not taken this quiz